000 02271cam a22004694i 4500
003 PE-LiUPU
005 20250731172823.0
008 150617s r 000 0 d
020 _a8470201999
035 _a(Sirsi) i9788470201998
040 _aPE-LiUPU
_bspa
_cPE-LiUPU
_erda
049 _aPRUA
082 0 4 _a248.5
_bM26
_221
100 1 _aMartín Descalzo, J. L.,
_eautor.
245 1 0 _aRazones para la alegría: cuaderno de apuntes II /
_cJ. L. Martín Descalzo.
264 1 _aMadrid :
_bSociedad de Educación Atenas,
_c1986.
300 _a231 páginas ;
_c21 centímetros
336 _atext
_2rdacontent
337 _aunmediated
_2rdamedia
338 _avolume
_2rdacarrier
490 0 _aBiblioteca Básica del Creyente
505 0 _aEl sacramento de la sonrisa. -El gozo de ser hombre. -Aprendder a ser felices. -Vidas perdidas. -las riquezas baratas. -Pelos largos, mente corta. -Con esperanza o sin esperanza. -Un puñetazo en el cráneo. -Defensa de la fantasía. -La impotencia del amor. -Nacido para la aventura. -Elogio de la nariz. -Un vuelco en el corazón. -Vivir con la lengua fuera. -Ser el que no somos. -Vivir con el freno puesto. -El alma sin desdoblar. -Los ojos abiertos y limpios. -Todos mancos. -El ocaso de la conversación. -Alcanzar las estrellas. -La paz nuestra de cada día. -Vivir en el presente. -Pecado de amor. -Del pasotismo como una forma de suicidio. -Un mundo de sordos voluntarios. -Dar vueltas a la noria. -La victoria silenciosa. -El desorden de factores.
526 _aSEG42
526 _aSEG41
526 _aSEG40
526 _aSEG39
526 _aP94
526 _aP87
526 _aP86
526 _aP85
526 _aP77
526 _aP76
526 _aP35
650 0 4 _aTEOLOGIA SOCIAL
_xVIDA CRISTIANA - BIBLIOTECA BASICA DEL CREYENTE.
910 _ajck
_bjvq
_cjck
_d20150616
942 _2ddc
_cBOOK
949 _a248.5 M26
_wDEWEY
_c1
_i27708
_lCCODEBUL1
_mBUL
_r0
_sY
_tBOOK
_u2015-4-21
_xTEOLOGIA
_PP35
_0COMPRA
_o.STAFF. Colección General
994 _aC0
_bPEPRU
596 _a1
999 _a248.5 M26
_wDEWEY
_c5541
_i27708
_f2021-11-12
_g5
_lCCODEBUL1
_mBUL
_r0
_sY
_tBOOK
_u2015-4-21
_xTEOLOGIA
_PP35
_0COMPRA
_o.STAFF. Colección General
_d5541
980 _81
_gALBERTO SANCHEZ Responsable de Automatización